Gestalt counselling in action. (3rd ed.) (Record no. 31531)

MARC details
000 -LEADER
fixed length control field 00710nam a2200193 a 4500
008 - FIXED-LENGTH DATA ELEMENTS--GENERAL INFORMATION
fixed length control field 130806s2011 ||||||||||||||||| || u
020 ## - INTERNATIONAL STANDARD BOOK NUMBER
International Standard Book Number 9781412900850
050 ## - LIBRARY OF CONGRESS CALL NUMBER
Classification number RC 489.G4 Cla
100 ## - MAIN ENTRY--PERSONAL NAME
Personal name Clarkson, Petruska
245 10 - TITLE STATEMENT
Title Gestalt counselling in action. (3rd ed.)
Statement of responsibility, etc. by Petruska Clarkson
250 ## - EDITION STATEMENT
Edition statement 3rd ed.
260 ## - PUBLICATION, DISTRIBUTION, ETC.
Place of publication, distribution, etc. London:
Name of publisher, distributor, etc. SAGE Publications
Date of publication, distribution, etc. 2011
300 ## - PHYSICAL DESCRIPTION
Extent xiv, 202p.
490 ## -
-- Sage counselling in action
500 ## - GENERAL NOTE
General note REFERENCES
650 #0 - SUBJECT ADDED ENTRY--TOPICAL TERM
Topical term or geographic name entry element COUNSELLING--GENDER ASPECTS
650 ## - SUBJECT ADDED ENTRY--TOPICAL TERM
Topical term or geographic name entry element GESTALT THERAPY
995 ## -
-- MEDICAL LIBRARY OPEN ACCESS
-- 902261
-- CBU-SCHOOL OF MEDICINE LIBRARY (Ndola)
-- RC 489.G4 Cla
-- 1
-- AVAILABLE
-- Aug 9, 2013
-- 902261
-- Medical Library Open Access Collection
999 ## -
-- 31531
-- 31531
Holdings
Withdrawn status Lost status Source of classification or shelving scheme Damaged status Not for loan Permanent Location Current Location Shelving location Date acquired Total Checkouts Full call number Barcode Date last seen Price effective from Koha item type
          CBU-SCHOOL OF MEDICINE LIBRARY, NDOLA. CBU-SCHOOL OF MEDICINE LIBRARY, NDOLA.   11/30/2022   RC 489.G4 Cla 902261 11/30/2022 11/30/2022 MONOGRAPH